000 00666nam a2200265Ia 4500
005 20260121170850.0
008 008 260114s9999 xx 000 0 eng d
020 _a9783319980898
037 _aEBOOK
040 _aCRL
040 _beng
040 _cCRL
041 _2eng
041 _aeng
084 _qCRL
100 _aJulian Wolfreys
_91069130
245 0 _aHaunted Selves, Haunting Places in English Literature and Culture
260 _bSpringer
260 _bSpringer
260 _c2018
856 _uhttps://link.springer.com/openurl?genre=book&isbn=978-3-319-98089-8
942 _cEBOOK
999 _c1634860
_d1634860